000 00763nam a2200229 i 4500
001 44104
003 ES-MaACL
005 20230906160945.0
007 t|
008 030320s1964 sp ||||1| spa d
100 1 _aCestari, Aldo.
_937696
245 1 0 _aNovedades de farmacología y terapeútica 1963 /
_cAldo Cestari ; [versión española: J. Esteban Altirriba].
260 _aBarcelona :
_b[s.n.,
_c1964] (
_fMartínez)
300 _a220 p. :
_bil. ;
_c18 cm.
490 1 _aColección Monográfica Zambon ;
_v5
650 0 4 _aFarmacología.
_912725
650 0 4 _aMedicamentos.
_914884
700 0 _aEsteban-Altirriba, J.
_948040
830 0 _aColección Monográfica Zambon ;
_v5
_9192411
852 _aES-MaACL
_jC-28220
_bR.57104
999 _c44104
_d44104